00627nam a22002057a 4500003001100000005001700011008004100028020001500069040003900084041000800123082001600131100002000147245005400167260004100221300002600262650002000288942000700308952009100315999001500406LK-CoMWRAF20231014005219.0231014b1994 |||||||| |||| 00| 0 eng d a1566080061 aLK-CoMWRAFdLK-CoMWRAFeLK-CoMWRAF aeng a808.51bOBE aOberg, Brent C. aSpeechcraft: ban introduction to public speaking aColorado Springs:bMeriwether,c1994 aviii, 159 p. ; 22 cm. aPUBLIC SPEAKING cBK 00104070aMAINbMAINd2023-10-14l0o808.51 OBEpRAF1747r2023-10-14w2023-10-14yBK c3852d3852